000 00690nam a2200289Ia 4500
005 20260324150935.0
008 008 260324s9999 xx 000 0 eng d
020 _a9780203843529
037 _aEBOOK
040 _aCRL
040 _beng
040 _cCRL
041 _2eng
041 _aeng
084 _qCRL
100 _aRobert Nichols; Asataro Miyamori
_91228159
245 0 _aMasterpieces of Chikamatsu
245 4 _bThe Japanese Shakespeare
260 _bTaylor and Francis
260 _c1926
365 _a
365 _b86.99
856 _uhttp://www.taylorfrancis.com/books/9780203843529
942 _cEBOOK
999 _c1838457
_d1838457